| 000 | 00814nam a2200229 a 4500 | ||
|---|---|---|---|
| 005 | 20230209063753.0 | ||
| 008 | 030624s1983 mx r 000 0 spa d | ||
| 020 | _a9684960212 | ||
| 035 | _aUPN01000191505 | ||
| 049 | _aUNE | ||
| 080 | 4 | _aOC 016: 37 (09)(72) GAL No. 83 | |
| 100 | 1 |
_aGalván de Terrazas, Luz Elena _931450 |
|
| 245 | 1 | 0 |
_aFuentes para la historia de la educación en México / _cLuz Elena Galván, Manola Sepúlveda, Guillermo de la Peña. |
| 260 |
_aMéxico : _bCIESAS; _bSEP, Cultura, _c1983. |
||
| 300 | _a66 p. | ||
| 440 | 0 |
_aCuadernos de la casa chata ; _v83. |
|
| 651 | 4 |
_aMEXICO - _xCONDICIONES SOCIALES - _vCOLECCIONES |
|
| 690 | 4 |
_aEducación _zMéxico _xHistoria _9187 |
|
| 700 | 1 |
_aSepúlveda, Manola, _ecoaut. |
|
| 700 | 1 |
_aPeña, Guillermo de la, _ecoaut. _931454 |
|
| 905 | _aLibro | ||
| 999 |
_c163608 _d163608 |
||